Sports Quiz

Random Sports or NBA Quiz

NBA- Highest Scoring Triple Doubles Quiz Stats

 Plays Quiz not verified by Sporcle

Support Sporcle.
Go Orange.
Score 0/42 Timer 05:00
0 Plays Today
Year Player % Correct
2016Russell Westbrook
97.3%
2016Russell Westbrook
97.3%
2010LeBron James
95.6%
2006LeBron James
95.6%
2015LeBron James
95.6%
2005LeBron James
95.6%
2015LeBron James
95.6%
2007LeBron James
95.6%
1989Michael Jordan
94.7%
1989Michael Jordan
94.7%
1989Michael Jordan
94.7%
1989Michael Jordan
94.7%
2015Russell Westbrook
92.2%
2015Russell Westbrook
92.2%
2015Russell Westbrook
92.2%
2015Russell Westbrook
92.2%
1992Larry Bird
81.6%
1986Larry Bird
81.6%
1989Larry Bird
81.6%
1988Larry Bird
81.6%
1987Larry Bird
81.6%
Year Player % Correct
1988Hakeem Olajuwon
78.4%
1987Hakeem Olajuwon
78.4%
1993David Robinson
71.3%
1991David Robinson
71.3%
2006Jason Kidd
71.3%
1995Jason Kidd
71.3%
1993Scottie Pippen
70.9%
1993Charles Barkley
65.6%
2003Tracy McGrady
62.2%
1990Clyde Drexler
60.9%
1990Clyde Drexler
60.9%
2007Vince Carter
54.7%
2015James Harden
47.5%
2016Steph Curry
40.5%
1995Chris Webber
35.3%
1989Chris Mullin
29.4%
1997Mitch Richmond
23.1%
1991Michael Adams
12.8%
1985Micheal Ray Richardson
9.4%
2002Sam Cassell
7.8%
1987Terry Cummings
6.3%

You're not logged in!

Compare scores with friends on all Sporcle quizzes.
OR
Log In

From the Vault

Song Title Hijinks! (1970s)

by Purple_Parrot

Make 70's glam mullets great again!
Remove Ads.
Support Sporcle.
Get the best of Sporcle when you Go Orange. This ad-free experience offers more features, more stats, and more fun while also helping to support Sporcle. Thank you for becoming a member.

Show Comments

Extras

Top Quizzes Today


Score Distribution

Your Account Isn't Verified!

In order to create a playlist on Sporcle, you need to verify the email address you used during registration. Go to your Sporcle Settings to finish the process.

Report this User

Report this user for behavior that violates our Community Guidelines.

Details: